<?xml version="1.0" encoding="UTF-8"?>
<collection xmlns="http://www.loc.gov/MARC21/slim">
  <record>
    <leader>00000nam  2200000   4500</leader>
    <controlfield tag="001">INLIS000000000000776</controlfield>
    <controlfield tag="005">20180724140109</controlfield>
    <controlfield tag="008">180724|||||||||   |   |||   |||| ||   | </controlfield>
    <datafield tag="035" ind1=" " ind2=" ">
      <subfield code="0">010-0718000776</subfield>
    </datafield>
    <datafield tag="041" ind1=" " ind2=" ">
      <subfield code="a">id</subfield>
    </datafield>
    <datafield tag="082" ind1=" " ind2=" ">
      <subfield code="a">041</subfield>
    </datafield>
    <datafield tag="090" ind1=" " ind2=" ">
      <subfield code="a">R.041 PIM 2015</subfield>
    </datafield>
    <datafield tag="100" ind1=" " ind2=" ">
      <subfield code="a">Aditiawarman</subfield>
    </datafield>
    <datafield tag="245" ind1=" " ind2=" ">
      <subfield code="a">Transformasi Kebijakan Kewenangan Intelijen Kejaksaan Republik Indonesia.</subfield>
    </datafield>
    <datafield tag="260" ind1=" " ind2=" ">
      <subfield code="a">Jakarta</subfield>
      <subfield code="b">LAN Jakarta</subfield>
      <subfield code="c">2015</subfield>
    </datafield>
    <datafield tag="300" ind1=" " ind2=" ">
      <subfield code="a">10 hlm.'lamp.</subfield>
    </datafield>
    <datafield tag="500" ind1=" " ind2=" ">
      <subfield code="a">Mengoptimalkan dukungan intelijen dalam rangka peningkatan kinerja penanganan perkara korupsi di Kejaksaan RI dengan melakukan perubahan regulasi yakni SE.011 ahun 2013 yang selama ini menjadi pijakan oleh Bidang Intelijen dalam penyelidikan yang merupakan bagian dari tugas dan fungsi Intelijen, sebagaimana yang diamanatkan dalam Undang-undang Nomor 17 tahun 2011 Tentang Intelijen Negara.</subfield>
    </datafield>
    <datafield tag="650" ind1=" " ind2=" ">
      <subfield code="a">Kebijakan- transformasi</subfield>
    </datafield>
  </record>
</collection>
